000 00705nam a2200253Ia 4500
003 OSt
005 20220912145805.0
006 a|||||r|||| 00| 0
007 ta
008 220909b |||||||| |||| 00| 0 eng d
024 _a77105
037 _cTextbook
040 _aCSL
_beng
_cCSL
041 _aeng
082 _aD6,78p1,N84, M4
100 _aTrappl Robert Ed.
111 _aEuropean meeting on cyberbetics and system research (7th : 1984 : Austria)
245 0 _aProceeding on cyberbetics and system research
260 _c1984
300 _ap.
_ccm.
650 _aComputer systems
942 _hD6,78p1,N84, M4
_cTB
_2CC
999 _c38355
_d38355